LEADER 00897nam a2200217 i 4500 001 000000148749 003 CaOOAMICUS 005 20060315000000.0 008 060315s1960 it u000 u ita u 013 $a126067 040 $aSeMil$bita 100 1 $aSoffici, Ardengo.$0(OLS)http://semarc/name/7202 245 10$aErrore di coincidenza ; Kobilek ; La ritirata del Friuli ; Atti e detti memorabili del capitano Punzi ; Appendice. 300 $a475 p. 500 $aFondo Ciprandi. 773 0 $aSoffici, Ardengo$tOpere.$dFirenze : Vallecchi, 1959-[196-]?.$g3$w()15525 850 $aSeMil 852 $aSeMil$W1$xVenegono$y1$m1C III 96$j101106$B101106$CSeMilBibl$Z2$F109751 $81 941 1 $a1 961 $aOmaggio: Ciprandi dott. Paolo 996 $6245$aErrore di coincidenza ; Kobilek ; La ritirata del Friuli ; Atti e detti memorabili del capitano Punzi ; Appendice$9(OLS)http://semarc/title/217415 LEADER 01698nam a2200325 i 4500 001 000000037632 003 CaOOAMICUS 005 20220303121917.0 008 150828s1991 be u000 u lat u 013 $a7939 020 $a2-503-03536-1 040 $aSeMil$bita 100 0 $aAndreas : de Sancto Victore,$d.$0(OLS)http://semarc/name/89166 245 10$a3: Expositiones historicas in libros Salomonis /$cedidit Rainer Berndt. 264 1$aTurnhout :$bBrepols,$c1991. 300 $aXXVI, 147 p. 490 1 $aCorpus Christianorum. Continuatio Mediaevalis ;$v53.B 504 $aBibliographie, p. XXVII] 546 $aTesto in latino, introduzione in tedesco 700 1 $aBerndt, Rainer,$c.$0(OLS)http://semarc/name/162 773 0 $aAndreas : de Sancto Victore $tAndreae de Sancto Victore Opera.$dTurnhout : Brepols, 1986-$kCorpus Christianorum. Continuatio Mediaevalis$g3$w()1327 785 00$aAndreas : de Sancto Victore $tAndreas de Sancto Victore Expositiones historicae in libros Salomonis.$dTurnhout : Brepols, 1991.$kCorpus Christianorum. Instrumenta lexicologica latina. Ser. A, Formae$z2-503-63536-9$w()37634 830 0$aCorpus Christianorum. Continuatio Mediaevalis ;$v53.B.$0(OLS)http://semarc/title/35 850 $aSeMil 852 $aSeMil$W1$xVenegono$y1$mSL2.F CC.CM 53/B$j260614$B3787$CSeMilBibl$Z2$F3787 $8I 961 $aSottoscrizione: Brepols 996 $6020$a2-503-03536-1$9(OLS)http://semarc/number/6674 996 $6245$a3: Expositiones historicas in libros Salomonis$9(OLS)http://semarc/title/52775 996 $6264$aTurnhout :$bBrepols$9(OLS)http://semarc/publisher/29626